[Event "16.Città di Padova Open A"]
[Site "Padova Fornace Carotta"]
[Date "2013.12.18"]
[Round "5.30"]
[White "Di Lazzaro, Gabriele"]
[Black "Giuriato, Sergio"]
[Result "1/2-1/2"]
[WhiteElo "1941"]
[BlackElo "1963"]
[Annotator "Gabriele Ballarin"]
[PlyCount "28"]
[EventDate "2013.12.15"]
[EventType "swiss"]
[EventRounds "9"]
[EventCountry "ITA"]

1. d4 Nf6 2. Nc3 d5 3. Bg5 c6 4. Nf3 h6 5. Bh4 Bf5 6. e3 g5 7. Bg3 Bg7 8. Qd2 Nbd7 9. h4 g4 10. Ne5 Nh5 11. Nxd7 Nxg3 12. fxg3 Qxd7 13. Bd3 Bxd3 14. Qxd3 e5 1/2-1/2

[Event "16.Città di Padova Open A"]
[Site "Padova Fornace Carotta"]
[Date "2013.12.19"]
[Round "6.13"]
[White "Bruno, Fabio"]
[Black "Lantini, Marco"]
[Result "1-0"]
[WhiteElo "2414"]
[BlackElo "2089"]
[Annotator "Gabriele Ballarin"]
[PlyCount "85"]
[EventDate "2013.12.15"]
[EventType "swiss"]
[EventRounds "9"]
[EventCountry "ITA"]

1. d4 d5 2. Nf3 Nf6 3. e3 g6 4. Bd3 Bg7 5. O-O O-O 6. Ne5 c5 7. c3 Qc7 8. f4 Nc6 9. b3 a6 10. Bb2 cxd4 11. exd4 b5 12. Qe2 Bb7 13. Nd2 e6 14. Kh1 Rfe8 15. b4 Ne7 16. a4 bxa4 17. Rxa4 Nf5 18. Kg1 a5 19. b5 Nd6 20. Ba3 Nde4 21. Bxe4 Nxe4 22. Nxe4 dxe4 23. Bc5 f6 24. Nc4 Bf8 25. Qe3 Bd5 26. Nd2 f5 27. c4 Bb7 28. Nb3 Bg7 29. Rfa1 g5 30. g3 gxf4 31. Qxf4 e5 32. Qg5 f4 33. d5 e3 34. gxf4 exf4 35. Bd4 e2 36. Re1 f3 37. Bxg7 Qxg7 38. Qxg7+ Kxg7 39. Kf2 Re4 40. Nc5 Rh4 41. Kxf3 Rxc4 42. Rxc4 Bxd5+ 43. Re4 1-0

[Event "16.Città di Padova Open A"]
[Site "Padova Fornace Carotta"]
[Date "2013.12.19"]
[Round "6.16"]
[White "Aghayev, Miragha"]
[Black "Messina, Roberta"]
[Result "1-0"]
[WhiteElo "2350"]
[BlackElo "2066"]
[Annotator "Gabriele Ballarin"]
[PlyCount "85"]
[EventDate "2013.12.15"]
[EventType "swiss"]
[EventRounds "9"]
[EventCountry "ITA"]

1. e4 e6 2. d4 d5 3. Nd2 c5 4. Ngf3 cxd4 5. exd5 Qxd5 6. Bc4 Qc5 7. O-O Nc6 8. Qe2 Be7 9. Rd1 Qb6 10. a4 Nh6 11. Bb5 Nf5 12. Nc4 Qc7 13. Nxd4 Nfxd4 14. Rxd4 O-O 15. Rd1 Nb4 16. Ne3 a6 17. Bc4 Bc5 18. Bb3 Qe5 19. Qf3 Bd6 20. g3 Be7 21. c3 Nc6 22. Bc2 Qf6 23. Qe4 Qg6 24. Qg2 Qh5 25. Be4 Na5 26. b4 Nb3 27. Rb1 Nxc1 28. Rbxc1 Rb8 29. f4 f5 30. Bf3 Qe8 31. a5 g5 32. Nc4 g4 33. Be2 Bd7 34. Ne5 Ba4 35. Re1 Qc8 36. Bc4 Bf6 37. Qa2 Re8 38. Qxa4 Bxe5 39. Qb3 b5 40. axb6 Bxf4 41. Bxe6+ Rxe6 42. Rxe6 Bxc1 43. Re8+ 1-0

[Event "16.Città di Padova Open A"]
[Site "Padova Fornace Carotta"]
[Date "2013.12.19"]
[Round "6.17"]
[White "Cardili, Mariano"]
[Black "Del Monaco, Andrea"]
[Result "0-1"]
[WhiteElo "2106"]
[BlackElo "2295"]
[Annotator "Gabriele Ballarin"]
[PlyCount "74"]
[EventDate "2013.12.15"]
[EventType "swiss"]
[EventRounds "9"]
[EventCountry "ITA"]

1. d4 d5 2. c4 dxc4 3. Nf3 Nf6 4. e3 a6 5. a4 Bg4 6. Bxc4 e6 7. Nc3 Nc6 8. O-O Bd6 9. e4 Bxf3 10. gxf3 e5 11. d5 Ne7 12. Be3 Ng6 13. Kh1 O-O 14. Rg1 Nh5 15. Ne2 Nhf4 16. Nxf4 exf4 17. Bd4 Qe7 18. Qb3 Be5 19. Bxe5 Nxe5 20. Rac1 Qd6 21. Be2 b5 22. axb5 axb5 23. Qc3 Ra7 24. Bxb5 Rb8 25. Be2 Rab7 26. Rc2 Rb3 27. Qxc7 Qxc7 28. Rxc7 Rxb2 29. Rgc1 g5 30. R1c2 g4 31. fxg4 f3 32. Bd1 Rb1 33. Rc1 Nd3 34. Rxb1 Rxb1 35. h3 Rxd1+ 36. Kh2 Nxf2 37. Re7 Nxe4 0-1

[Event "16.Città di Padova Open A"]
[Site "Padova Fornace Carotta"]
[Date "2013.12.19"]
[Round "6.18"]
[White "Andreoni, Giuseppe"]
[Black "Parrella, Alfredo"]
[Result "0-1"]
[WhiteElo "2103"]
[BlackElo "2103"]
[Annotator "Gabriele Ballarin"]
[PlyCount "114"]
[EventDate "2013.12.15"]
[EventType "swiss"]
[EventRounds "9"]
[EventCountry "ITA"]

1. e4 c5 2. Nf3 d6 3. d4 cxd4 4. Nxd4 Nf6 5. Nc3 a6 6. Bg5 Nbd7 7. f4 Qc7 8. Qf3 h6 9. Bxf6 Nxf6 10. f5 Bd7 11. O-O-O e6 12. fxe6 fxe6 13. Bd3 O-O-O 14. Rhf1 Kb8 15. Qe2 Rc8 16. Nf3 e5 17. h3 Qa5 18. Bc4 Nh5 19. Rfe1 Nf4 20. Qf1 Nxg2 21. Rd5 Qd8 22. Qxg2 Rxc4 23. Red1 Be6 24. Rxe5 Qc8 25. Ra5 Bxh3 26. Qg6 Qe6 27. Qg3 Be7 28. e5 Qg4 29. Rg1 Bd8 30. Rd5 Bb6 31. Qxg4 Bxg4 32. Nd2 Bxg1 33. Nxc4 Be6 34. Rd1 Bxc4 35. Rxg1 dxe5 36. Rxg7 h5 37. Rg2 h4 38. Rh2 Kc7 39. Kd2 Kd6 40. Ke3 Be6 41. Ne4+ Ke7 42. b3 Bd5 43. c4 Bc6 44. b4 b6 45. c5 Bxe4 46. Kxe4 bxc5 47. bxc5 Ke6 48. Rh3 Rh5 49. a3 a5 50. a4 Ke7 51. Kd5 Kd7 52. Rb3 h3 53. c6+ Kc8 54. Rb1 h2 55. Rh1 Kc7 56. Kc5 Rh4 57. Kd5 e4 0-1

[Event "16.Città di Padova Open A"]
[Site "Padova Fornace Carotta"]
[Date "2013.12.19"]
[Round "6.19"]
[White "Valsecchi, Alessio"]
[Black "Santolini, Luigi"]
[Result "1-0"]
[WhiteElo "2428"]
[BlackElo "2122"]
[Annotator "Gabriele Ballarin"]
[PlyCount "69"]
[EventDate "2013.12.15"]
[EventType "swiss"]
[EventRounds "9"]
[EventCountry "ITA"]

1. e4 e6 2. Nf3 d5 3. e5 c5 4. b4 cxb4 5. a3 Nc6 6. axb4 Bxb4 7. c3 Be7 8. d4 f6 9. Bd3 fxe5 10. dxe5 Qc7 11. O-O Bd7 12. Re1 Nh6 13. Na3 O-O 14. Nb5 Qd8 15. c4 Nb4 16. Nbd4 Nf7 17. cxd5 Nxd5 18. Bc4 Nc7 19. Qb3 b5 20. Bxe6 Nxe6 21. Nxe6 Bxe6 22. Qxe6 Bb4 23. Ba3 Bxa3 24. Rxa3 Kh8 25. h4 a5 26. Rae3 a4 27. Qa2 Qe7 28. e6 Nd6 29. Qb1 Nf5 30. Re5 Nxh4 31. Ng5 Ng6 32. Rxb5 a3 33. Nxh7 Kxh7 34. Rh5+ Kg8 35. Qxg6 1-0

[Event "16.Città di Padova Open A"]
[Site "Padova Fornace Carotta"]
[Date "2013.12.19"]
[Round "6.20"]
[White "Quaranta, Cristiano"]
[Black "Bove, Alessandro"]
[Result "0-1"]
[WhiteElo "2169"]
[BlackElo "2371"]
[Annotator "Gabriele Ballarin"]
[PlyCount "80"]
[EventDate "2013.12.15"]
[EventType "swiss"]
[EventRounds "9"]
[EventCountry "ITA"]

1. Nf3 d5 2. c4 e6 3. g3 dxc4 4. Bg2 a6 5. a4 Nc6 6. Na3 Na5 7. O-O Nf6 8. Qc2 Nb3 9. Rb1 Bd7 10. Ne5 Rb8 11. Nxd7 Qxd7 12. Qxc4 Nxc1 13. Rbxc1 c5 14. Rfd1 b5 15. axb5 axb5 16. Qf4 Bd6 17. Qf3 O-O 18. d4 cxd4 19. Rxd4 Qe7 20. Qc6 Bxa3 21. bxa3 Qxa3 22. Rb1 Rfc8 23. Qf3 Rc1+ 24. Rd1 Rxd1+ 25. Rxd1 Qxf3 26. Bxf3 Kf8 27. Kf1 Ke7 28. Ke1 b4 29. e3 e5 30. Ra1 Nd7 31. Kd2 Kd6 32. Kc2 Nc5 33. Rd1+ Ke6 34. Bd5+ Kf6 35. Bb3 Rb6 36. Rd5 Rc6 37. Kb2 Kf5 38. f3 Nxb3 39. Kxb3 Rc3+ 40. Kxb4 Rxe3 0-1

[Event "16.Città di Padova Open A"]
[Site "Padova Fornace Carotta"]
[Date "2013.12.19"]
[Round "6.21"]
[White "Viaggi, Stefano"]
[Black "Fierro Baquero, Martha Lorena"]
[Result "0-1"]
[WhiteElo "2033"]
[BlackElo "2362"]
[Annotator "Gabriele Ballarin"]
[PlyCount "68"]
[EventDate "2013.12.15"]
[EventType "swiss"]
[EventRounds "9"]
[EventCountry "ITA"]

1. d4 g6 2. c4 Bg7 3. Nc3 d6 4. e4 Nf6 5. f3 O-O 6. Be3 c6 7. Qd2 a6 8. Nge2 b5 9. h4 bxc4 10. Bh6 e5 11. O-O-O Nbd7 12. g4 Qe7 13. h5 Nb6 14. Bxg7 Kxg7 15. hxg6 fxg6 16. dxe5 dxe5 17. Ng3 Nfd7 18. Qh6+ Kg8 19. Nf5 gxf5 20. gxf5 Rf6 21. Rg1+ Kh8 22. Qg5 Qf8 23. Bh3 Bb7 24. a4 a5 25. Kb1 Qf7 26. Bg4 Rg8 27. Qe3 Qe7 28. Rh1 Rg7 29. Rd2 Nc5 30. Rh6 Nbd7 31. Rdh2 Rxh6 32. Rxh6 Qg5 33. Qxg5 Rxg5 34. Rd6 Kg7 0-1

[Event "16.Città di Padova Open A"]
[Site "Padova Fornace Carotta"]
[Date "2013.12.19"]
[Round "6.22"]
[White "Rossi, Carlo"]
[Black "Laurenti, Stefano"]
[Result "1-0"]
[WhiteElo "2285"]
[BlackElo "2106"]
[Annotator "Gabriele Ballarin"]
[PlyCount "87"]
[EventDate "2013.12.15"]
[EventType "swiss"]
[EventRounds "9"]
[EventCountry "ITA"]

1. e4 d6 2. f4 Nf6 3. Nc3 c5 4. Nf3 Nc6 5. Bc4 e6 6. d4 Nxe4 7. Nxe4 d5 8. dxc5 dxe4 9. Qxd8+ Nxd8 10. Ng5 f5 11. Be3 h6 12. Nh3 Bd7 13. Be2 g6 14. c3 a5 15. O-O-O Rc8 16. Bd4 Rh7 17. g4 Bxc5 18. gxf5 Bxd4 19. Rxd4 exf5 20. Rg1 Rg7 21. Rd5 b6 22. Bb5 Bxb5 23. Rxb5 Rc6 24. Rxf5 gxf5 25. Rxg7 Ne6 26. Rh7 Nf8 27. Rb7 Rd6 28. Ng1 Nd7 29. Ne2 Kd8 30. Ra7 Ke7 31. Nd4 Kf6 32. Kc2 Nc5 33. Rh7 Kg6 34. Rxh6+ Kxh6 35. Nxf5+ Kh5 36. Nxd6 Kg4 37. f5 Kf4 38. f6 e3 39. f7 Ne6 40. Kd1 Kf3 41. Ke1 e2 42. Nf5 Ke4 43. Nd4 Nf8 44. Kxe2 1-0

[Event "16.Città di Padova Open A"]
[Site "Padova Fornace Carotta"]
[Date "2013.12.19"]
[Round "6.23"]
[White "Xia, Jie"]
[Black "Dorigo, Tommaso"]
[Result "1-0"]
[WhiteElo "2280"]
[BlackElo "1996"]
[Annotator "Gabriele Ballarin"]
[PlyCount "103"]
[EventDate "2013.12.15"]
[EventType "swiss"]
[EventRounds "9"]
[EventCountry "ITA"]

1. Nf3 d5 2. g3 Nf6 3. Bg2 Bf5 4. c4 c6 5. O-O e6 6. b3 Be7 7. Bb2 O-O 8. d3 h6 9. Nbd2 Nbd7 10. Qc2 a5 11. a3 Qb6 12. Rab1 Rfd8 13. cxd5 exd5 14. Nh4 Bg4 15. Rfe1 Bc5 16. e3 Re8 17. d4 Bf8 18. h3 Be6 19. f4 g5 20. Nhf3 g4 21. hxg4 Bxg4 22. Ne5 Nxe5 23. fxe5 Nh7 24. Kh2 Qd8 25. e4 Qd7 26. Rf1 Bg7 27. Rbc1 Rac8 28. Qc5 Ng5 29. exd5 cxd5 30. Qxd5 Qe7 31. Qxb7 Qe6 32. Rc6 Nf3+ 33. Bxf3 Bxf3 34. Rxe6 Bxb7 35. Rxe8+ Rxe8 36. Rc1 f6 37. Rc7 Bd5 38. Rc5 Bxb3 39. Nxb3 Rb8 40. Nxa5 Rxb2+ 41. Kh3 fxe5 42. dxe5 Re2 43. Nc4 Kf7 44. Kg4 Ke6 45. Kf4 Bf8 46. Ra5 Be7 47. Ra6+ Kd5 48. Ne3+ Kc5 49. Kf3 Ra2 50. Nf5 Bg5 51. e6 Kb5 52. Ra8 1-0

[Event "16.Città di Padova Open A"]
[Site "Padova Fornace Carotta"]
[Date "2013.12.19"]
[Round "6.24"]
[White "Raimbault, Pierre"]
[Black "Fregonese, Giulio"]
[Result "0-1"]
[WhiteElo "1884"]
[BlackElo "2200"]
[Annotator "Gabriele Ballarin"]
[PlyCount "84"]
[EventDate "2013.12.15"]
[EventType "swiss"]
[EventRounds "9"]
[EventCountry "ITA"]

1. d4 Nf6 2. c4 c5 3. d5 b5 4. cxb5 a6 5. f3 g6 6. e4 Bg7 7. Na3 O-O 8. Ne2 e6 9. Nc3 Bb7 10. Bc4 axb5 11. Naxb5 exd5 12. exd5 Re8+ 13. Kf2 d6 14. Bf4 Nh5 15. Bxd6 Qh4+ 16. g3 Qxc4 17. Nc7 Nd7 18. Nxe8 Rxe8 19. Re1 Ra8 20. Re4 Bd4+ 21. Kg2 Nhf6 22. Bxc5 Nxe4 23. Bxd4 Nxc3 24. Bxc3 Qxd5 25. Qe2 Nc5 26. Rd1 Qe6 27. Qd2 Qc6 28. Qd8+ Qe8 29. Qd4 Qe2+ 30. Kg1 f6 31. Rf1 Qe5 32. Qc4+ Qd5 33. Qf4 Nd7 34. a3 Re8 35. Rf2 Qc6 36. Kg2 Re6 37. h4 Ne5 38. Rf1 Nxf3 39. Rxf3 Re2+ 40. Kh3 Qxf3 41. Qxf3 Bxf3 42. Bxf6 h5 0-1

[Event "16.Città di Padova Open A"]
[Site "Padova Fornace Carotta"]
[Date "2013.12.19"]
[Round "6.26"]
[White "Antoniacci, Riccardo"]
[Black "Redo, Giorgio"]
[Result "0-1"]
[WhiteElo "1883"]
[BlackElo "2084"]
[Annotator "Gabriele Ballarin"]
[PlyCount "94"]
[EventDate "2013.12.15"]
[EventType "swiss"]
[EventRounds "9"]
[EventCountry "ITA"]

1. e4 c5 2. Nf3 Nc6 3. Bb5 Nf6 4. Qe2 e6 5. O-O Be7 6. Nc3 Nd4 7. Qd3 a6 8. e5 Nd5 9. Bc4 Nb4 10. Qe4 Nbxc2 11. Rb1 Rb8 12. Bd3 Nxf3+ 13. Qxf3 Nd4 14. Qg4 g6 15. Ne4 h5 16. Qf4 b6 17. Nf6+ Bxf6 18. exf6 Bb7 19. Qg5 Rg8 20. f4 Qc7 21. Re1 Qc6 22. Be4 d5 23. Bd3 c4 24. Qe5 Rc8 25. Bf1 Qc5 26. Kh1 Nf5 27. d3 b5 28. Bd2 h4 29. Be3 d4 30. Bf2 h3 31. Rbc1 Kd7 32. dxc4 hxg2+ 33. Bxg2 Bxg2+ 34. Kxg2 Qxe5 35. fxe5 Rxc4 36. Rxc4 bxc4 37. Bxd4 Rd8 38. Bc3 Kc6 39. Re4 Kc5 40. b3 cxb3 41. axb3 Rd3 42. Rc4+ Kd5 43. Rc7 g5 44. Kf2 g4 45. b4 Rf3+ 46. Kg1 Ne3 47. h3 g3 0-1

[Event "16.Città di Padova Open A"]
[Site "Padova Fornace Carotta"]
[Date "2013.12.19"]
[Round "6.27"]
[White "Favero, Graziano"]
[Black "Movileanu, Daniela"]
[Result "0-1"]
[WhiteElo "1829"]
[BlackElo "2051"]
[Annotator "Gabriele Ballarin"]
[PlyCount "76"]
[EventDate "2013.12.15"]
[EventType "swiss"]
[EventRounds "9"]
[EventCountry "ITA"]

1. e4 c5 2. Nf3 g6 3. d4 cxd4 4. Nxd4 Nc6 5. Nc3 Bg7 6. Be3 Nf6 7. Be2 O-O 8. Qd2 d5 9. exd5 Nxd5 10. Nxd5 Qxd5 11. Bf3 Qc4 12. Bxc6 {=} bxc6 13. b3 Qd5 14. O-O-O a5 15. Nf3 Qxd2+ 16. Rxd2 a4 17. b4 Bc3 18. Rd3 Bxb4 19. Bh6 Re8 20. Ne5 Bb7 21. Rhd1 f6 22. Ng4 Ba6 23. Rh3 Red8 24. Bd2 Be2 25. Nh6+ Kg7 26. Bxb4 Rxd1+ 27. Kb2 Rb8 28. Kc3 c5 29. Ba3 Rd5 30. f3 f5 31. Bc1 Rb4 32. a3 Rc4+ 33. Kb2 Bd1 34. c3 Rd3 35. Kb1 e5 36. Rg3 Kf8 37. Nxf5 gxf5 38. Bh6+ Ke8 0-1

[Event "16.Città di Padova Open A"]
[Site "Padova Fornace Carotta"]
[Date "2013.12.19"]
[Round "6.28"]
[White "Giuriato, Sergio"]
[Black "Nepi, Ezio"]
[Result "0-1"]
[WhiteElo "1963"]
[BlackElo "1924"]
[Annotator "Gabriele Ballarin"]
[PlyCount "72"]
[EventDate "2013.12.15"]
[EventType "swiss"]
[EventRounds "9"]
[EventCountry "ITA"]

1. d4 d5 2. c4 c6 3. Nf3 Nf6 4. e3 Bf5 5. Nc3 e6 6. Nh4 Bg4 7. f3 Bh5 8. g3 Be7 9. Ng2 O-O 10. Nf4 Bg6 11. Nxg6 hxg6 12. Qb3 Qc7 13. Bd2 Nbd7 14. cxd5 exd5 15. Bg2 Rfe8 16. O-O Qb6 17. Qxb6 Nxb6 18. e4 Bb4 19. e5 Bxc3 20. Bxc3 Nh7 21. a4 Ng5 22. f4 Ne4 23. f5 Nxc3 24. bxc3 gxf5 25. Rxf5 Nc4 26. Rf2 a5 27. Rb1 Reb8 28. Bf1 b5 29. Bxc4 dxc4 30. axb5 cxb5 31. d5 b4 32. d6 b3 33. d7 a4 34. Rf4 a3 35. Rxc4 a2 36. Rf1 b2 0-1

[Event "16.Città di Padova Open A"]
[Site "Padova Fornace Carotta"]
[Date "2013.12.19"]
[Round "6.30"]
[White "Sherifaj, Pasho"]
[Black "Di Lazzaro, Gabriele"]
[Result "0-1"]
[WhiteElo "1970"]
[BlackElo "1941"]
[Annotator "Gabriele Ballarin"]
[PlyCount "68"]
[EventDate "2013.12.15"]
[EventType "swiss"]
[EventRounds "9"]
[EventCountry "ITA"]

1. e4 c5 2. Nf3 g6 3. d4 cxd4 4. Nxd4 Nc6 5. Nc3 Bg7 6. Be3 Nf6 7. Bc4 O-O 8. Nxc6 bxc6 9. e5 Ne8 10. Bf4 Qa5 11. Qe2 d6 12. O-O dxe5 13. Bd2 Qc7 14. Rae1 Nd6 15. Bb3 a5 16. a4 Ba6 17. Qf3 Bxf1 18. Rxf1 Nf5 19. Qh3 Rfd8 20. Bc1 Nd4 21. Ne4 Nxb3 22. Qxb3 Qd7 23. Bg5 Qd5 24. Qe3 f6 25. Bh4 Rab8 26. Nc3 Qd4 27. Qh3 Rd6 28. Bg3 f5 29. Bh4 Bf6 30. Bxf6 exf6 31. b3 Kg7 32. Ne2 Qd2 33. Qf3 Qxc2 34. g4 Rxb3 0-1

[Event "16.Città di Padova Open A"]
[Site "Padova Fornace Carotta"]
[Date "2013.12.19"]
[Round "6.31"]
[White "Franco, Alessandro P"]
[Black "Zangrando, Gianpietro"]
[Result "1-0"]
[WhiteElo "1912"]
[BlackElo "1847"]
[Annotator "Gabriele Ballarin"]
[PlyCount "135"]
[EventDate "2013.12.15"]
[EventType "swiss"]
[EventRounds "9"]
[EventCountry "ITA"]

1. e4 e6 2. d4 d5 3. Nc3 Nf6 4. Bg5 dxe4 5. Nxe4 Be7 6. Nxf6+ Bxf6 7. Bxf6 Qxf6 8. Nf3 O-O 9. Bd3 c5 10. c3 cxd4 11. cxd4 Nc6 12. Qd2 g6 13. Be4 Rd8 14. O-O-O a5 15. h4 Nb4 16. a3 Nd5 17. h5 Qf4 18. Qxf4 Nxf4 19. hxg6 hxg6 20. Rh2 Kg7 21. Kb1 Rh8 22. Rxh8 Kxh8 23. g3 Nh5 24. Ne5 Kg7 25. Rc1 Nf6 26. Bg2 Nd5 27. Rc5 b6 28. Bxd5 exd5 29. Rc7 Bf5+ 30. Kc1 Be6 31. Kd2 Rb8 32. Kc3 Rc8 33. Rxc8 Bxc8 34. b4 f6 35. Nd3 axb4+ 36. Kxb4 Ba6 37. Nb2 Kf7 38. Na4 Ke6 39. Nxb6 Kd6 40. a4 Kc6 41. a5 Be2 42. Na4 Bc4 43. Nc5 g5 44. Ne4 g4 45. Nxf6 Be2 46. Nh5 Bc4 47. Nf4 Bf1 48. Ng6 Be2 49. Ne5+ Kd6 50. a6 Bxa6 51. Nxg4 Ke6 52. Kc5 Kf5 53. Ne5 Ke4 54. f3+ Ke3 55. Kxd5 Kf2 56. f4 Bb7+ 57. Ke6 Kxg3 58. f5 Kf4 59. f6 Ke4 60. Ke7 Bd5 61. Nc6 Bb3 62. f7 Bxf7 63. Kxf7 Kd5 64. Kf6 Kd6 65. Ne7 Kd7 66. Nf5 Kc6 67. Ke6 Kc7 68. d5 1-0

[Event "16.Città di Padova Open A"]
[Site "Padova Fornace Carotta"]
[Date "2013.12.20"]
[Round "7.13"]
[White "Mrdja, Milan"]
[Black "Aghayev, Miragha"]
[Result "0-1"]
[WhiteElo "2379"]
[BlackElo "2350"]
[Annotator "Gabriele Ballarin"]
[PlyCount "25"]
[EventDate "2013.12.15"]
[EventType "swiss"]
[EventRounds "9"]
[EventCountry "ITA"]

1. e4 c5 2. Nf3 d6 3. d4 Nf6 4. Nc3 cxd4 5. Nxd4 a6 6. a4 Nc6 7. Be2 e5 8. Nf3 h6 9. Nd2 Be6 10. O-O Rc8 11. Bc4 Nd4 12. Bxe6 fxe6 13. Nf3 {Nur} 0-1

[Event "16.Città di Padova Open A"]
[Site "Padova Fornace Carotta"]
[Date "2013.12.20"]
[Round "7.14"]
[White "Del Monaco, Andrea"]
[Black "Valsecchi, Alessio"]
[Result "1/2-1/2"]
[WhiteElo "2295"]
[BlackElo "2428"]
[Annotator "Gabriele Ballarin"]
[PlyCount "48"]
[EventDate "2013.12.15"]
[EventType "swiss"]
[EventRounds "9"]
[EventCountry "ITA"]

1. Nf3 d5 2. d4 Nf6 3. c4 c6 4. Nc3 e6 5. g3 dxc4 6. Bg2 b5 7. O-O Bb7 8. e4 b4 9. e5 bxc3 10. exf6 gxf6 11. bxc3 c5 12. Re1 Bd5 13. Rb1 Bg7 14. Rb5 O-O 15. Rxc5 Na6 16. Rxd5 Qxd5 17. Qa4 Nc7 18. Nh4 Qb5 19. Qxb5 Nxb5 20. Bxa8 Rxa8 21. Bd2 Na3 22. Bc1 Nb5 23. Bd2 Na3 24. Bc1 Nb5 1/2-1/2

[Event "16.Città di Padova Open A"]
[Site "Padova Fornace Carotta"]
[Date "2013.12.20"]
[Round "7.15"]
[White "Bove, Alessandro"]
[Black "Xia, Jie"]
[Result "1/2-1/2"]
[WhiteElo "2371"]
[BlackElo "2280"]
[Annotator "Gabriele Ballarin"]
[PlyCount "94"]
[EventDate "2013.12.15"]
[EventType "swiss"]
[EventRounds "9"]
[EventCountry "ITA"]

1. e4 d6 2. d4 Nf6 3. f3 g6 4. c4 Bg7 5. Nc3 O-O 6. Bg5 h6 7. Be3 e5 8. d5 c6 9. Qd2 cxd5 10. cxd5 Kh7 11. Rc1 a6 12. Bd3 Ng8 13. Nge2 h5 14. O-O Bh6 15. f4 Nd7 16. f5 Ndf6 17. Kh1 Bd7 18. Ng1 b5 19. b4 Qe7 20. Nf3 Rac8 21. fxg6+ fxg6 22. Bxh6 Nxh6 23. Ng5+ Kg7 24. a4 Nfg4 25. Nf3 Rf4 26. axb5 axb5 27. Ne2 Rff8 28. Rxc8 Rxc8 29. h3 Nf6 30. Qg5 Nf7 31. Qg3 Nh7 32. Nh4 Qg5 33. Qxg5 Nfxg5 34. Ra1 Rc7 35. Ra6 Nf6 36. Rxd6 Ra7 37. Rb6 Ra3 38. Bxb5 Bxb5 39. Rxb5 Nxh3 40. Rb7+ Kh6 41. gxh3 Rxh3+ 42. Kg2 Rxh4 43. d6 Rxe4 44. Kf3 Rc4 45. d7 Nxd7 46. Rxd7 Rxb4 47. Re7 Rb5 1/2-1/2

[Event "16.Città di Padova Open A"]
[Site "Padova Fornace Carotta"]
[Date "2013.12.20"]
[Round "7.16"]
[White "Fierro Baquero, Martha Lorena"]
[Black "Brunello, Marina"]
[Result "1/2-1/2"]
[WhiteElo "2362"]
[BlackElo "2259"]
[Annotator "Gabriele Ballarin"]
[PlyCount "32"]
[EventDate "2013.12.15"]
[EventType "swiss"]
[EventRounds "9"]
[EventCountry "ITA"]

1. Nf3 d5 2. g3 Nf6 3. Bg2 c6 4. O-O Bf5 5. d3 e6 6. Nbd2 Nbd7 7. Re1 Be7 8. e4 dxe4 9. Nxe4 O-O 10. Qe2 h6 11. Bd2 Qb6 12. b3 Bh7 13. Bc3 Qc7 14. Nxf6+ Bxf6 15. Bxf6 Nxf6 16. Qe5 Qxe5 1/2-1/2

[Event "16.Città di Padova Open A"]
[Site "Padova Fornace Carotta"]
[Date "2013.12.20"]
[Round "7.17"]
[White "Fregonese, Giulio"]
[Black "Rossi, Carlo"]
[Result "1/2-1/2"]
[WhiteElo "2200"]
[BlackElo "2285"]
[Annotator "Gabriele Ballarin"]
[PlyCount "208"]
[EventDate "2013.12.15"]
[EventType "swiss"]
[EventRounds "9"]
[EventCountry "ITA"]

1. e4 Nf6 2. e5 Ng8 3. d4 d5 4. Bd3 c5 5. c3 Nc6 6. Nf3 Bg4 7. dxc5 e6 8. b4 a5 9. Bb5 Qc7 10. Nbd2 Nge7 11. O-O Ng6 12. Qe2 Be7 13. h3 Bh5 14. Qe3 Bxf3 15. Nxf3 O-O 16. Bxc6 bxc6 17. a3 Rfb8 18. Bd2 Kh8 19. Rab1 h6 20. Rfe1 Qa7 21. Nd4 Qc7 22. f4 axb4 23. axb4 Ra2 24. Qd3 Rba8 25. Re2 R8a3 26. Rbe1 Nh4 27. g3 Nf5 28. Nxf5 exf5 29. Qxf5 d4 30. Qd3 dxc3 31. Bxc3 Rxe2 32. Rxe2 Qa7 33. Re3 Ra2 34. Re2 Ra3 35. Rd2 Bxc5+ 36. Kg2 Be3 37. Re2 Ra2 38. Kf3 Bb6 39. e6 Rxe2 40. Qxe2 Qe7 41. exf7 Qxf7 42. Qe5 Bc7 43. Qe4 Qd7 44. Qd4 Qf7 45. Qc5 Qg6 46. Qe3 Qh5+ 47. Kg2 Qd5+ 48. Kh2 Qa2+ 49. Qd2 Qf7 50. Kg2 Bb6 51. h4 Qf5 52. Kh2 Kh7 53. Be5 Qe4 54. Bc3 h5 55. Qd1 Qe3 56. Qxh5+ Kg8 57. Qe5 Qg1+ 58. Kh3 Qf1+ 59. Kg4 Qd1+ 60. Kf5 Qd3+ 61. Ke6 Qxg3 62. h5 Bc7 63. Qxc7 Qxc3 64. Qf7+ Kh7 65. Qf5+ Kg8 66. Qc5 Qd2 67. Qd6 Qe3+ 68. Kd7 Qb6 69. Qc5 Qb7+ 70. Kd6 Kh8 71. Qa5 Kg8 72. Kc5 Qd7 73. Qa8+ Kh7 74. Qxc6 Qf5+ 75. Qd5 Qxf4 76. b5 Qc7+ 77. Kb4 Qb6 78. Qc5 Qd8 79. b6 Qd3 80. Ka5 Qb3 81. Ka6 Qa2+ 82. Qa5 Qe6 83. Kb7 Qe3 84. Qf5+ Kg8 85. Qd5+ Kh7 86. Qc6 Qd2 87. Kb8 Qd8+ 88. Kb7 Qe7+ 89. Kc8 Qf8+ 90. Kc7 Qe7+ 91. Kb8 Qd8+ 92. Ka7 Qd2 93. Qb5 Qe3 94. Kb8 Qf4+ 95. Kc8 Qf8+ 96. Kd7 Qf7+ 97. Kd6 Qf8+ 98. Kc7 Qf4+ 99. Kb7 Qe4+ 100. Qc6 Qe7+ 101. Ka8 Qd8+ 102. Kb7 Qe7+ 103. Qc7 Qe4+ 104. Kb8 Qe8+ 1/2-1/2

[Event "16.Città di Padova Open A"]
[Site "Padova Fornace Carotta"]
[Date "2013.12.20"]
[Round "7.18"]
[White "Dappiano, Andrea"]
[Black "De Santis, Alessio"]
[Result "0-1"]
[WhiteElo "2182"]
[BlackElo "2282"]
[Annotator "Gabriele Ballarin"]
[PlyCount "74"]
[EventDate "2013.12.15"]
[EventType "swiss"]
[EventRounds "9"]
[EventCountry "ITA"]

1. Nf3 d5 2. c4 d4 3. b4 Bg4 4. Ne5 Bf5 5. Qa4+ c6 6. d3 f6 7. Nf3 e5 8. g3 Bd6 9. Bg2 Ne7 10. O-O Qd7 11. Re1 h5 12. h4 a5 13. b5 c5 14. Nbd2 O-O 15. Ne4 Bxe4 16. dxe4 Nc8 17. Bd2 Nb6 18. Qc2 Qe6 19. Rac1 a4 20. a3 N8d7 21. Kh2 Rfd8 22. Bh3 Qf7 23. Rg1 Kf8 24. g4 hxg4 25. Rxg4 Ke7 26. Rcg1 Rg8 27. h5 Qxh5 28. Rxg7+ Rxg7 29. Rxg7+ Kd8 30. Kg2 Kc7 31. Bg4 Qh8 32. Rg6 Rg8 33. Rxg8 Qxg8 34. Kh3 Qxc4 35. Qxc4 Nxc4 36. Bc1 Na5 37. Nd2 c4 0-1

[Event "16.Città di Padova Open A"]
[Site "Padova Fornace Carotta"]
[Date "2013.12.20"]
[Round "7.19"]
[White "Lantini, Marco"]
[Black "Stella, Andrea"]
[Result "0-1"]
[WhiteElo "2089"]
[BlackElo "2454"]
[Annotator "Gabriele Ballarin"]
[PlyCount "37"]
[EventDate "2013.12.15"]
[EventType "swiss"]
[EventRounds "9"]
[EventCountry "ITA"]

1. d4 Nf6 2. c4 g6 3. Nc3 d5 4. cxd5 Nxd5 5. e4 Nxc3 6. bxc3 Bg7 7. Bc4 c5 8. Ne2 Nc6 9. Be3 O-O 10. O-O Na5 11. Bd3 b6 12. Qd2 e5 13. Bh6 exd4 14. cxd4 cxd4 15. Bxg7 Kxg7 16. f3 f5 17. exf5 Nc6 18. Bb5 Ne5 19. Nxd4 {Nur} 0-1